États des États-Unis par Ville - Statistiques

Statistiques générales
  • Ce quiz a été pris 639 fois
  • Le résultat moyen est 11 sur 20
Statistiques - réponses
Ville Région % Correct
Los Angeles Californie
100%
San Francisco Californie
100%
New York New York
100%
Dallas Texas
100%
Miami Floride
96%
Houston Texas
92%
Las Vegas Nevada
91%
Oklahoma City Oklahoma
90%
Austin Texas
90%
Phoenix Arizona
89%
Honolulu Hawaï
88%
Detroit Michigan
88%
Indianapolis Indiana
87%
Orlando Floride
85%
San Diego Californie
83%
Baton Rouge Louisiane
83%
Chicago Illinois
82%
Atlanta Géorgie
81%
Seattle Washington
81%
Denver Colorado
80%
Charlotte Caroline du Nord
79%
La Nouvelle-Orléans Louisiane
79%
Sacramento Californie
78%
Colorado Springs Colorado
78%
Boston Massachusetts
77%
San Antonio Texas
76%
Virginia Beach Virginie
76%
Salt Lake City Utah
71%
Philadelphie Pennsylvanie
70%
Albuquerque Nouveau-Mexique
69%
Cleveland Ohio
68%
Nashville Tennessee
67%
Santa Fe Nouveau-Mexique
65%
Miwaukee Wisconsin
65%
Minneapolis Minnesota
63%
Portland Oregon
63%
Tallahassee Floride
61%
El Paso Texas
60%
Memphis Tennessee
59%
San José Californie
58%
Buffalo New York
58%
Pierre Dakota du Sud
56%
Tampa Floride
56%
Cincinnati Ohio
55%
Anchorage Alaska
54%
Little Rock Arkansas
54%
Concord New Hampshire
54%
Jacksonville Floride
53%
Kansas City Missouri
52%
St.Louis Missouri
52%
Baltimore Maryland
51%
Tucson Arizona
50%
Sioux Falls Dakota du Sud
50%
Pittsburgh Pennsylvanie
48%
Cheyenne Wyoming
48%
Charleston Caroline du Sud/ Virginie-Occidentale
47%
Montgomery Alabama
46%
Columbus Ohio
46%
Richmond Virginie
46%
Birmingham Alabama
43%
Louisville Kentucky
43%
Providence Rhode Island
43%
Fort Worth Texas
43%
Columbia Caroline du Sud
42%
Boise Idaho
42%
Jackson Mississippi
40%
Newark New Jersey
40%
Madison Wisconsin
40%
Des Moines Iowa
39%
Hartford Connecticut
38%
Tulsa Oklahoma
38%
Carson City Nevada
37%
Raleigh Caroline du Nord
36%
Bismarck Dakota du Nord
36%
Fargo Dakota du Nord
35%
Fresno Californie
33%
Augusta Maine
33%
Knoxville Tennessee
32%
New Haven Connecticut
31%
Dover Delaware
30%
Manchester New Hampshire
27%
Billings Montana
24%
Fort Wayne Indiana
23%
Omaha Nebraska
23%
Wichita Kansas
22%
Rapid City Dakota du Sud
20%
Tacoma Washington
19%
Bridgeport Connecticut
17%
Mongantown Virginie-Occidentale
15%
Wilmington Delaware
14%
Missoula Montana
13%
Burlington Vermont
12%
Green Bay Wisconsin
11%
Aucun quiz correspondant
Distribution des résultats
% des personnes avec chaque résultat
Percentile par nombre de réponses
Votre historique - résultats
Vous n’avez pas pris ce quiz